Vocabulario básico de liturgia
Guardat en:
| Autor principal: | |
|---|---|
| Format: | Llibre |
| Idioma: | espanyol |
| Publicat: |
Barcelona
Centre de Pastoral Litúrgica
1994
|
| Col·lecció: | Biblioteca Litúrgica, 3
|
| Matèries: | |
| Etiquetes: |
Afegir etiqueta
Sense etiquetes, Sigues el primer a etiquetar aquest registre!
|
MARC
| LEADER | 00000nam a2200000 a 4500 | ||
|---|---|---|---|
| 001 | UCZ1922 | ||
| 003 | CL-VaPUC | ||
| 008 | 950914e19940000SP |||||||||||||||||spa|d | ||
| 082 | 0 | 4 | |a 264.003 |b ALD |2 21 |
| 100 | 0 | |a Aldazábal Larrañaga, José |e author |9 345625 | |
| 245 | 1 | 0 | |a Vocabulario básico de liturgia |
| 300 | |a 416 p | ||
| 942 | |c BK | ||
| 945 | |d 19950914 00:00:00 |a aalvarez | ||
| 260 | |a Barcelona |b Centre de Pastoral Litúrgica |c 1994 | ||
| 650 | 7 | |a LITURGIA |2 CL-VaPUC |9 345626 | |
| 650 | 0 | |a Diccionarios |9 256200 | |
| 650 | 0 | |a Español |9 255372 | |
| 650 | 0 | |a Vocabularios |9 316229 | |
| 583 | |a last modification |c 20190711 11:31:07 |k Rodrigo Vera | ||
| 490 | 0 | |a Biblioteca Litúrgica, 3 | |
| 999 | |c 238594 |d 238592 | ||
| 952 | |0 0 |1 0 |4 0 |6 264_003000000000000_ALD_1994 |7 0 |8 F |9 248882 |a BIBTEO |b BIBTEO |d 2019-11-18 |i 3130436 |o 264.003 ALD 1994 |p 3130436 |r 2025-01-17 |w 2019-11-18 |y BK_F |k ICR | ||